000 00356nam a2200145Ia 4500
005 20250508155912.0
008 008 250505s9999 xx 000 0 eng d
037 _aPeriodicals
040 _aFEDL
_beng
_cFEDL
041 _aeng
_2eng
084 _qFEDL
245 0 _aSign : The journal of Indian education
942 _cCR
999 _c1359961
_d1359961